Lord Jim / (Record no. 14476)
[ view plain ]
| 000 -LEADER | |
|---|---|
| fixed length control field | 00517nam a22001812 4500 |
| 001 - CONTROL NUMBER | |
| control field | 0000009431 |
| 005 - DATE AND TIME OF LATEST TRANSACTION | |
| control field | 20151217160120.0 |
| 008 - FIXED-LENGTH DATA ELEMENTS--GENERAL INFORMATION | |
| fixed length control field | 081027s xx 000 0 eng d |
| 020 ## - INTERNATIONAL STANDARD BOOK NUMBER | |
| International Standard Book Number | 0333589130 : |
| Terms of availability | KES 221.25 |
| 040 ## - CATALOGING SOURCE | |
| Original cataloging agency | KABU |
| Transcribing agency | KABU |
| 100 1# - MAIN ENTRY--PERSONAL NAME | |
| Personal name | Conrad, Joseph. |
| -- | 0000160889 |
| 245 10 - TITLE STATEMENT | |
| Title | Lord Jim / |
| Statement of responsibility, etc. | Joseph Conrad; adapted by Colin Swatridge. |
| 260 ## - PUBLICATION, DISTRIBUTION, ETC. (IMPRINT) | |
| Place of publication, distribution, etc. | London. : |
| Name of publisher, distributor, etc. | Macmillan Press, |
| Date of publication, distribution, etc. | 1993. |
| 300 ## - PHYSICAL DESCRIPTION | |
| Extent | 82 p. |
| 908 ## - PUT COMMAND PARAMETER (RLIN) | |
| Put command parameter | 081027 |
| 950 ## - LOCAL HOLDINGS (RLIN) | |
| -- | 1 |
| Withdrawn status | Lost status | Source of classification or shelving scheme | Not for loan | Home library | Current library | Date acquired | Total Checkouts | Full call number | Barcode | Date last seen | Date last checked out | Price effective from | Koha item type |
|---|---|---|---|---|---|---|---|---|---|---|---|---|---|
| Library of Congress Classification | Kabarak, Main Campus | Kabarak, Main Campus | 17/12/2015 | 1 | PZ7 .C66L6 c. 1 | 15354 | 14/02/2019 | 06/02/2019 | 17/12/2015 | Children Collection |